| 000 | 01278nam a22004577a 4500 | ||
|---|---|---|---|
| 005 | 20251215123154.0 | ||
| 008 | 181206b2017 xxu||||| |||| 00| 0 spa d | ||
| 020 | _a9786076229392 | ||
| 041 | _aESP | ||
| 082 | _a658.575 G166l | ||
| 100 |
_aGallego Díaz, Ramsés _951147 |
||
| 245 | _aLanzamiento e implantación de productos y servicios | ||
| 260 | _aMéxico | ||
| 260 | _bAlfaomega | ||
| 260 | _c2017 | ||
| 300 | _a168 páginas | ||
| 490 | _aDirección y Administración de Empresas | ||
| 650 | _aDESARROLLO DE NUEVOS PRODUCTOS | ||
| 650 | _aLANZAMIENTO DE PRDUCTOS | ||
| 650 | _aPRODUCTO | ||
| 650 | _aSERVICIO | ||
| 650 | _aDEMANDA | ||
| 650 | _aUTILIDAD | ||
| 650 | _aPRECIO | ||
| 650 | _aIDENTIDAD DE MARCA | ||
| 650 | _aFUENTES DE INFORMACIÓN | ||
| 650 | _aPROCESO DE CREACIÓN DE NUEVOS PRODUCTOS Y SERVICIOS | ||
| 650 | _aPRESENTACIÓN DE PRODUCTO O SERVICIO | ||
| 650 | _aMERCADO | ||
| 650 | _aVENTAS | ||
| 650 | _aACCIONES DE MARKETING | ||
| 650 | _aPUBLICIDAD | ||
| 650 | _aPROMOCIÓN | ||
| 650 | _aPROMOCIÓN ON LINE | ||
| 650 | _aFIDELIZACIÓN DE CLIENTES | ||
| 650 | _aMERCHANDISING | ||
| 650 | _aRECURSOS HUMANOS | ||
| 650 | _aANÁLISIS DE RESULTADOS | ||
| 650 | _aMEDICIÓN DE RESULTADOS | ||
| 942 |
_cBK _2ddc |
||
| 999 |
_c11425 _d11425 |
||